000 01646nam a2200481 i 4500
001 991033602709705066
003 NyNyJPI
005 20260420162435.0
008 070327s1972 pl a |000 0 pol
009 b0000001899555
015 _aUWD 1973/4708
035 _a991033602709705066
035 _a(PL-WaBN)b1899555x-48omnis_nlop
035 _ab1899555x
035 _a(OCoLC)751195184
035 _axx001869810
035 _a(PL)b0000001899555
035 _a(EXLNZ-48OMNIS_NETWORK)9910417437605606
040 _aWA N
_cWA N
_dWR O
_dWA N
041 _apol
080 _a94(438).082.3:358.4:929-051A/Z
100 1 _aJaroszyk, Witold
_d(1920-1942)
245 1 0 _aDziennik lotnika Dywizjonu 301 /
_cWitold Jaroszyk ; wstęp i przypisy: Władysław Chojnacki.
260 _aOlsztyn :
_b"Pojezierze",
_c1972.
300 _a66, [1] s., [8] k. tabl. :
_bil. ;
_c17 cm.
336 _aTekst
_btxt
_2rdacontent
337 _aBez urządzenia pośredniczącego
_bn
_2rdamedia
338 _aWolumin
_bnc
_2rdacarrier
380 _aKsiążki
600 1 _aJaroszyk, Witold
_d(1920-1942)
_vpamiętniki.
610 2 7 _a301 Dywizjon Bombowy Ziemi Pomorskiej im. Obrońców Warszawy (Polskie Siły Zbrojne na Zachodzie)
_2DBN
648 7 _a1901-2000
_2DBN
648 7 _a1939-1945
_2DBN
650 7 _aWojna lotnicza
_2DBN
650 7 _aLotnictwo wojskowe
_2DBN
651 7 _aPolska
_2DBN
655 7 _aPamiętniki polskie
_y1939-1945 r.
_2DBN
658 _aHistoria
658 _aBezpieczeństwo i wojskowość
700 1 _aChojnacki, Władysław
_d(1920-1991)
_eWstęp
710 2 _aWydawnictwo "Pojezierze"
_4pbl
942 _2z
_cBK
_n0
999 _c91124
_d91124